Pic du Midi de Bigorre ou Pic du Midi d'Ossau ? - Statistiques

Statistiques générales
  • Ce quiz a été pris 27 fois
  • Le résultat moyen est 7 sur 10
Statistiques - réponses
Question Réponse % Correct
A un observatoire astronomique au sommet Pic du Midi de Bigorre
100%
Est situé dans les Hautes-Pyrénées Pic du Midi de Bigorre
92%
A un téléphérique Pic du Midi de Bigorre
92%
Est situé dans les Pyrénées-Atlantiques Pic du Midi d'Ossau
92%
A comme surnom Jean-Pierre Pic du Midi d'Ossau
92%
Est a plus de 2000m d'altitude Les deux
75%
A une station de ski plus bas Pic du Midi de Bigorre
67%
Est un ancien volcan Pic du Midi d'Ossau
67%
Est dans le Parc National des Pyrénées Les deux
25%
Est le plus haut Pic du Midi d'Ossau
25%
Aucun quiz correspondant
Distribution des résultats
% des personnes avec chaque résultat
Percentile par nombre de réponses
Votre historique - résultats
Vous n’avez pas pris ce quiz